Divided Historical Regions of Europe - Statistics

General Stats
  • This quiz has been taken 1,328 times
    1,294 since last reset
  • The average score is 12 of 20
Answer Stats
Shared by Answer % Correct
Spain, Portugal Galicia/Iberia
83%
Spain, France Basque Country
73%
Greece, North Macedonia, Bulgaria, +3 Macedonia
70%
Spain, France, Andorra Catalonia
69%
Ireland, United Kingdom Ireland/Ulster
69%
Italy, Austria Tyrol
69%
Denmark, Germany Jutland/Schleswig
65%
Russia, Finland Karelia
64%
Norway, Sweden, Russia, Finland Lapland
64%
Ukraine, Poland, Slovakia Galicia/Ruthenia
62%
Poland, Czech Republic, Germany Silesia
62%
Bulgaria, Turkey, Greece Thrace
62%
Poland, Russia Prussia
54%
Poland, Germany Pomerania
53%
Netherlands, Germany Frisia
49%
Romania, Moldova, Ukraine Moldavia
49%
Greece, Albania Epirus
48%
Netherlands, Belgium Brabant/Limburg
43%
Latvia, Estonia Livonia
42%
France, Italy, Switzerland Savoy
35%
No matching quizzes found
Score Distribution
Percent of People with Each Score
Percentile by Number Answered
Your Score History
You have not taken this quiz since the last reset